Ngôn ngữ lập trình Foxpro
में बचाया:
| मुख्य लेखक: | |
|---|---|
| स्वरूप: | पुस्तक |
| भाषा: | Undetermined |
| प्रकाशित: |
Hà Nội
Giáo Dục
1997
|
| विषय: | |
| टैग : |
टैग जोड़ें
कोई टैग नहीं, इस रिकॉर्ड को टैग करने वाले पहले व्यक्ति बनें!
|
| Thư viện lưu trữ: | Trung tâm Học liệu Trường Đại học Cần Thơ |
|---|
| LEADER | 00581nam a2200193Ia 4500 | ||
|---|---|---|---|
| 001 | CTU_27533 | ||
| 008 | 210402s9999 xx 000 0 und d | ||
| 020 | |b 25.500đ | ||
| 082 | |a 005.3 | ||
| 082 | |b T305 | ||
| 100 | |a Nguyễn Phú Tiến | ||
| 245 | 0 | |a Ngôn ngữ lập trình Foxpro | |
| 245 | 0 | |c Nguyễn Phú Tiến | |
| 260 | |a Hà Nội | ||
| 260 | |b Giáo Dục | ||
| 260 | |c 1997 | ||
| 650 | |a foxpro( computer program language ),management - computer programs | ||
| 904 | |i Minh, 981225 | ||
| 980 | |a Trung tâm Học liệu Trường Đại học Cần Thơ | ||